| Tag |
First Indicator |
Second Indicator |
Subfields |
| LEADER |
00000cam a2200000 a 4500 |
| 001 |
in00001090713 |
| 005 |
20150929171750.0 |
| 008 |
890428s1927 gw af 000 0 ger d |
| 035 |
|
|
|a (OCoLC)19618156
|
| 035 |
|
|
|9 AFR8730AM
|
| 040 |
|
|
|a WSD
|c WSD
|d TXA
|d UtOrBLW
|
| 049 |
|
|
|a TXAM
|
| 090 |
|
|
|a PT1141.A2
|b V4 1927
|
| 245 |
0 |
0 |
|a Velhagen & Klasings Almanach :
|b Ein Biedermeier-Jahrbuch /
|c [Hrsg. von der Schriftleitung von Velhagen und Klasings Monatsheften ; die gesamte künstlerische Ausstattung dieses Buches ist von Erich M. Simon].
|
| 264 |
|
1 |
|a Berlin :
|b Velhagen & Klasing,
|c 1927.
|
| 300 |
|
|
|a 229 pages, 15 unnumbered leaves of plates :
|b color illustrations ;
|c 18 cm.
|
| 336 |
|
|
|a text
|b txt
|2 rdacontent
|
| 337 |
|
|
|a unmediated
|b n
|2 rdamedia
|
| 338 |
|
|
|a volume
|b nc
|2 rdacarrier
|
| 500 |
|
|
|a 1927 calendar inserted.
|
| 650 |
|
0 |
|a Almanacs, German.
|
| 650 |
|
0 |
|a German literature.
|
| 700 |
1 |
|
|a Simon, Erich M.,
|d 1892-
|
| 710 |
2 |
|
|a Velhagen & Klasings monatshefte.
|
| 740 |
0 |
|
|a Almanach.
|
| 999 |
|
|
|a MARS
|
| 999 |
f |
f |
|s 2c9015c4-9832-30c7-952d-adc2306ba842
|i b3a19a49-f508-34e2-9394-8db82bf046eb
|t 0
|
| 952 |
f |
f |
|p ric
|a Texas A&M University
|b Rellis Campus
|c Joint Library Facility
|d Remote Storage
|t 0
|e PT1141.A2 V4 1927
|h Library of Congress classification
|i unmediated -- volume
|m A14816377323
|
| 998 |
f |
f |
|a PT1141.A2 V4 1927
|t 0
|l Remote Storage
|